Textbook of Community Medicine (Record no. 61119)

MARC details
000 -LEADER
fixed length control field 00455nam a2200181 4500
020 ## - INTERNATIONAL STANDARD BOOK NUMBER
International Standard Book Number 978-93-88696-28-9
040 ## - CATALOGING SOURCE
Original cataloging agency Trident
082 ## - DEWEY DECIMAL CLASSIFICATION NUMBER
Classification number 610
Item number BHA
100 ## - MAIN ENTRY--PERSONAL NAME
Personal name Rajvir Bhalwar
9 (RLIN) 45384
245 ## - TITLE STATEMENT
Title Textbook of Community Medicine
250 ## - EDITION STATEMENT
Edition statement 3rd
260 ## - PUBLICATION, DISTRIBUTION, ETC.
Place of publication, distribution, etc. New Delhi
Name of publisher, distributor, etc. Wolters Kluwer
Date of publication, distribution, etc. 2019
300 ## - PHYSICAL DESCRIPTION
Extent XIX,1093;
500 ## - GENERAL NOTE
General note book 01
650 ## - SUBJECT ADDED ENTRY--TOPICAL TERM
Topical term or geographic name entry element Bio Medical
9 (RLIN) 42048
700 ## - ADDED ENTRY--PERSONAL NAME
Personal name Puja Dudeja ,Ashok K. Jindal
9 (RLIN) 45389
942 ## - ADDED ENTRY ELEMENTS (KOHA)
Source of classification or shelving scheme Dewey Decimal Classification
Koha item type Books
Suppress in OPAC No

No items available.

Trident Academy of Technology © 2023.
All rights reserved.                                                                                                                                                                                                        Designed by Team of Central Library .

Powered by Koha